00484nam a2200169 a 450000100100000000500170001000800410002702000150006804000250008308200160010810000320012424500620015626000440021830000200026249000160028283000160029800003717720200930080206.0120224s19uu sp 000 0 spa d a8440478585 aDO-SdBNPbspacBNPHU axxxxbS127v1 aSáez Echevarría, Carlos10aVillancicos y pensamientos sobre la riqueza y la pobreza. aBilbao,España :bEdertasuna,c[199?]. a34 p. ;c22 cm.1 aPoesíav2 0aPoesíav2